[Event "TUR-ch U13-U18"]
[Site "Antalya"]
[Date "2020.01.23"]
[Round "8"]
[White "Oymak, Bilal Efe"]
[Black "Yilmaz, Yigit"]
[Result "1/2-1/2"]
[WhiteElo "1580"]
[BlackElo "1307"]
[PlyCount "120"]
[EventDate "2020.01.19"]
[EventType "swiss"]
[EventRounds "11"]
[EventCountry "TUR"]
[SourceTitle "CBM 195 Extra"]
[Source "ChessBase"]
[SourceDate "2020.05.31"]
[SourceVersion "1"]
[SourceVersionDate "2020.05.31"]
[SourceQuality "1"]

1. e4 e6 2. d4 d5 3. e5 c5 4. c3 Nc6 5. Nf3 Qb6 6. a3 cxd4 7. cxd4 Nge7 8. b4 Nf5 9. Bb2 a6 10. Bd3 Be7 11. h3 Bd7 12. Bc2 a5 13. Bxf5 exf5 14. Nc3 axb4 15. Nxd5 Qa5 16. axb4 Bxb4+ 17. Nxb4 Qxb4+ 18. Qd2 Rxa1+ 19. Bxa1 Qb1+ 20. Qd1 Qxd1+ 21. Kxd1 Be6 22. Ke2 Kd7 23. Rb1 Rb8 24. Bc3 b5 25. Bb4 Nxb4 26. Rxb4 Kc6 27. Ke3 h6 28. g3 Bd5 29. Ne1 Ra8 30. Rb2 Ra3+ 31. Kd2 Bc4 32. Nc2 Rd3+ 33. Ke1 Kb6 34. Rb1 Rb3 35. Rxb3 Bxb3 36. Ne3 g6 37. f4 b4 38. Kd2 Kb5 39. g4 Be6 40. d5 Bd7 41. gxf5 gxf5 42. Kc2 Kc5 43. d6 Kd4 44. Ng2 Bc6 45. Ne1 Ba4+ 46. Kb2 Ke4 47. Nc2 Kxf4 48. Nxb4 Kxe5 49. Kc3 Kxd6 50. Kd4 Bd7 51. Nd3 Bc6 52. Nf4 Be4 53. Ne2 Ke6 54. Ke3 Ke5 55. Nf4 f6 56. Nh5 Bg2 57. Nf4 Bf1 58. h4 Ba6 59. Ng6+ Ke6 60. Nf4+ Ke5 1/2-1/2